WWE Champions - 2020s - Statistics

General Stats
  • This quiz has been taken 394 times
    56 since last reset
  • The average score is 15 of 16
Answer Stats
Dates of reign Wrestler % Correct
Champion on January 1st, 2020 Brock Lesnar
100%
January 1 - 29, 2022 Brock Lesnar
100%
February 19, 2022 - April 3, 2022 Brock Lesnar
100%
April 7, 2024 - April 20, 2025 Cody Rhodes
98%
August 3, 2025 -January 9, 2026 Cody Rhodes
98%
March 6, 2026 - Present Cody Rhodes
98%
April 3, 2022 - April 7, 2024 Roman Reigns
98%
April 5 - October 25, 2020 Drew McIntyre
93%
November 25, 2020 - February 21, 2021 Drew McIntyre
93%
January 9, 2026 - March 6, 2026 Drew McIntyre
93%
October 25 - November 16, 2020 Randy Orton
93%
September 13, 2021 - January 1, 2022 Big E
91%
April 20, 2025 -August 3, 2025 John Cena
89%
March 1 - September 13, 2021 Bobby Lashley
86%
January 29 - February 19, 2022 Bobby Lashley
86%
February 21 - March 1, 2021 The Miz
80%
No matching quizzes found
Score Distribution
Percent of People with Each Score
Percentile by Number Answered
Your Score History
You have not taken this quiz since the last reset